Μαθηματικά πρώτης δημοτικού
Αποθηκεύτηκε σε:
| Συγγραφή απο Οργανισμό/Αρχή: | |
|---|---|
| Μορφή: | Βιβλίο |
| Γλώσσα: | Greek |
| Δημοσίευση: |
[Αθήνα] :
Παπαζήσης,
[19--].
|
| Θέματα: | |
| Διαθέσιμο Online: | http://hdl.handle.net/11610/16719 |
| Ετικέτες: |
Προσθήκη ετικέτας
Δεν υπάρχουν, Καταχωρήστε ετικέτα πρώτοι!
|
MARC
| LEADER | 00000cam a2200000 i 4500 | ||
|---|---|---|---|
| 001 | 1/89116 | ||
| 008 | 080618n19uu gr || ||| ||gre|| | ||
| 035 | |l 10098284 | ||
| 040 | |a GR-MY-UA |b gre |e aacr | ||
| 041 | 0 | |a gre | |
| 082 | 7 | |a 372.7044 |2 (22) | |
| 110 | 2 | |a Ελληνική Μαθηματική Εταιρεία. | |
| 245 | 1 | 0 | |a Μαθηματικά πρώτης δημοτικού / |c Ελληνική Μαθηματική Εταιρεία. |
| 260 | |a [Αθήνα] : |b Παπαζήσης, |c [19--]. | ||
| 300 | |a 184 σ. ; |c 28 εκ. | ||
| 500 | |a Υπάρχει ψηφιακό αντίγραφο. | ||
| 650 | 0 | 0 | |a Mathematics |x Study and teaching (Elementary) |
| 650 | 0 | 0 | |a Mathematics |x Study and teaching (Preschool) |
| 650 | 0 | 0 | |a Mathematics |x Study and teaching (Primary) |
| 852 | |a INST |b RHODES |c AKA |e 20080618 |h 372.7044 ΕΛΛ |p 005400006845 |q 005400006845 |t BK |y 23 | ||
| 856 | |u http://hdl.handle.net/11610/16719 | ||
| 901 | |a BIBL4-2008-2 | ||
| 909 | |a Ρ |b 150624 | ||
| 970 | |a ΚΟΖΑ |b ΜΑΡΙΑ |z 2008-06-18 | ||